000 00800nam a2200253Ia 4500
003 OSt
005 20220930091145.0
006 a|||||r|||| 00| 0
007 ta
008 220926b |||||||| |||| 00| 0 eng d
024 _a3617
037 _cTheses
040 _aCRL
_cCRL
_beng
041 _2eng
_aeng
100 _aKashyap Sarang
_9544962
110 _aUniversity of Delhi. Faculty of Medical Science. Department of General Surgery
245 0 _aRole of 24 hour ambulatory esophageal pH monitoring in gastroesophageal reflux disesase
260 _c2011
650 _aMEDICINE
700 _a Ajay Kumar Gu.
700 _aUniversity of Delhi. Faculty of Medical Science. Department of General Surgery
942 _cDIS
_2CC
999 _c881733
_d881733